000 00650nam a2200205 4500
999 _c5779
_d5779
003 OSt
005 20220621123930.0
008 220621b ||||| |||| 00| 0 eng d
020 _a0933853033
040 _cALUPE UNIVERSITY
050 _aHB1072
_b.G94 1985
100 _aGyepi-Garbrah, Benjamin.
245 _a Adolescent fertility in Kenya
260 _aBoston, Mass. :
_bPathfinder Fund,
_cc1985.
300 _a62p.
_b1 online resource
_c28cm.
504 _aIncludes bibliographical references
650 _aFertility, Human -- Kenya. Teenage pregnancy -- Kenya. Teenage mothers -- Kenya.
710 _aPathfinder Fund.
942 _2lcc
_cBK
_nAB